| 000 | 02232cam a22003135a 4500 | ||
|---|---|---|---|
| 001 | 2597690 | ||
| 005 | 20201128023912.0 | ||
| 008 | 970508s2016 njuad frb 001 0 eng d | ||
| 010 | _a 97019641 | ||
| 020 | _a1259252779 | ||
| 020 | _a9781259252778 | ||
| 040 |
_aDLC _beng _cDLC _dEG-ScBUE |
||
| 082 | 0 | 4 |
_222 _a657.45 _bWHI |
| 100 | 1 |
_aWhittington, Ray, _d1948- _941574 |
|
| 245 | 1 | 0 |
_aPrinciples of auditing / _cO. Ray Whittington, Kurt Pany. |
| 250 | _a20th ed., International student ed. | ||
| 260 |
_aNew York : _bMcGraw-Hill Education, _c2016. |
||
| 300 |
_axxix, 845 p. : _bill., tables, charts; _c24 cm. |
||
| 500 | _aIndex : p. 825-845. | ||
| 504 | _aIncludes bibliographical references. | ||
| 505 | _aChapter 1: The Role of the Public Accountant in the American Economy -- Chapter 2: Professional Standards -- Chapter 3: Professional Ethics -- Chapter 4: Legal Liability of CPAs -- Chapter 5: Audit Evidence and Documentation -- Chapter 6: Audit Planning, Understanding the Client, Assessing Risks, and Responding -- Chapter 7: Internal Control -- Chapter 8: Consideration of Internal Control in an Information Technology Environment -- Chapter 9: Audit Sampling Appendix A Probability-Proportion-to-Size Sampling -- Chapter 10: Cash and Financial Investments -- Chapter 11: Accounts Receivable, Notes Receivable, and Revenue -- Chapter 12: Inventories and Cost of Goods Sold -- Chapter 13: Property, Plant, and Equipment: Depreciation and Depletion -- Chapter 14: Accounts Payable and Other Liabilities -- Chapter 15: Debt and Equity Capital -- Chapter 16: Auditing Operations and Completing the Audit -- Chapter 17: Auditors' Report -- Chapter 18: Integrated Audits of Public Companies -- Chapter 19: Additional Assurance Services: Historical Financial Information -- Chapter 20: Additional Assurance Services: Other Information -- Chapter 21: Internal, Operational, and Compliance Auditing. | ||
| 590 | _aWessam | ||
| 650 | 7 |
_aAuditing. _2BUEsh _91182 |
|
| 651 | _2BUEsh | ||
| 653 |
_bBUSADM _cOctober2016 |
||
| 700 | 1 |
_aPany, Kurt. _91350 |
|
| 856 |
_uhttp://highered.mheducation.com/sites/0077729145/information_center_view0/index.html _yStudent and instructor support |
||
| 942 |
_2ddc _e22 _k657.45 WHI |
||
| 999 |
_c22690 _d22662 |
||